00274nam a2200085Ia 4500008004100000041000800041100001800049245009000067260003100157241105s9999 xx 000 0 und d aeng aThakur Rashmi aEvalution Of Indoor Environmental Quality And Energy Efficiency In Hospital Buildings bBNCA M Arch EA, Punec2020